000 00408nam a22001697a 4500
999 _c7816
_d7814
005 20210904140817.0
008 210821b ||||| |||| 00| 0 eng d
020 _a1587781405
041 _aeng
082 _a346.730
100 _aBAINBRIDGE, STEPHEN M.
_96544
245 _aCORPORATION LAW AND ECONOMICS
260 _aNEW YORK
_bFOUNDATION
_c2002
300 _a884;p
650 _aLAW
_95701
942 _cBK